Salta al contenuto

Public Administration хрестоматия для студентов-магистров направления подготовки 38.04.02 «менеджмент», профиля «управление имущественным комплексом»

Цель настоящей хрестоматии - совершенствование умений владения профессиональным английским языком для специалистов в области управления. Тексты пособия аутентичны, профессионально ориентированы, информативны, нацелены на ознакомление обучающихся с различными сторонами деятельности государственных сл...

Descrizione completa

Salvato in:
Dettagli Bibliografici
Autore principale: Мерзликина Н. И.
Natura: Книга
Lingua:Russian
Pubblicazione: Москва РУТ (МИИТ) 2020
Accesso online:https://e.lanbook.com/book/175921
https://e.lanbook.com/img/cover/book/175921.jpg
Tags: Aggiungi Tag
Nessun Tag, puoi essere il primo ad aggiungerne! !
LEADER 01673nam0a2200241 i 4500
001 175921
003 RuSpLAN
005 20221220174129.0
008 221220s2020 ru gs 000 0 rus
040 |a RuSpLAN 
041 0 |a rus 
044 |a ru 
080 |a 42 
245 0 0 |a Public Administration  |b хрестоматия для студентов-магистров направления подготовки 38.04.02 «менеджмент», профиля «управление имущественным комплексом»  |c Мерзликина Н. И. 
260 |a Москва  |b РУТ (МИИТ)  |c 2020 
300 |a 55 с. 
504 |a Библиогр.: доступна в карточке книги, на сайте ЭБС Лань 
520 8 |a Цель настоящей хрестоматии - совершенствование умений владения профессиональным английским языком для специалистов в области управления. Тексты пособия аутентичны, профессионально ориентированы, информативны, нацелены на ознакомление обучающихся с различными сторонами деятельности государственных служащих. 
521 8 |a Книга из коллекции РУТ (МИИТ) - Языкознание и литературоведение 
100 1 |a Мерзликина Н. И. 
856 4 |u https://e.lanbook.com/book/175921 
856 4 8 |u https://e.lanbook.com/img/cover/book/175921.jpg 
953 |a https://e.lanbook.com/img/cover/book/175921.jpg 
Cannot write session to /tmp/vufind_sessions/sess_p39k5dk9pslr0r8k5sf4j7p5d1